Evaluación de los aprendizajes /
Guardado en:
| Autor Principal: | |
|---|---|
| Formato: | Libro |
| Publicado: |
Argentina :
Kapelusz,
1970
|
| Materias: | |
| Etiquetas: |
Agregar Etiqueta
Sin Etiquetas, Sea el primero en etiquetar este registro!
|
| LEADER | 01704nam a22002535a 4500 | ||
|---|---|---|---|
| 001 | CEM.cems003695 | ||
| 005 | 19000101000000.0 | ||
| 008 | 130507s1970##################000#0#####d | ||
| 003 | CEMS | ||
| 082 | 0 | 4 | |a 371.26 |
| 100 | 1 | |a Lafurcade, Pedro D. | |
| 245 | 1 | 0 | |a Evaluación de los aprendizajes / |
| 260 | |a Argentina : |b Kapelusz, |c 1970 | ||
| 300 | |a 355 p. | ||
| 505 | 0 | |a La evaluaci¢n en el proceso educacional.-Los objetivos de la ense¤anza y la evaluaci¢n de los resultados de aprendizaje.-Materiales empleados en la construcci¢n de pruebas de rendimiento.-Clasificaci¢n y an lisis de las pruebas de comprobaci¢n del rendimiento escolar(I).-Clasificaci¢n y an lisis de las pruebas de comprobaci¢n de rendimiento escolar (II).-Clasificaci¢n y an lisis de las pruebas de rendimiento escolar(III).-Instrumentos y técnicas que proveen o complementan datos sobre el rendimiento escolar del alumno.-Como juzgar la eficacia de las pruebas de rendimiento.-Metodolog¡a de la evaluaci¢n de una unidad.-An lisis de items.-Sistema de clasificaciones.-Evaluaci¢n de los estudios linguisticos y literarios.-Evaluaci¢n de las ciencias.-Evaluaci¢n de los estudios sociales.- | |
| 653 | |a Aprendizaje-evaluacion | ||
| 653 | |a Ciencia-evaluacion | ||
| 653 | |a Educacion | ||
| 859 | |a CEMS |b BIB. CEMS - 11 de abril |h 371.26 |i L134 |p 3342.74 |t Ej.1 | ||
| 859 | |a CEMS |b BIB. CEMS - 11 de abril |h 371.26 |i L134 |p 3542.75 |t Ej.2 | ||
| 859 | |a CEMS |b BIB. CEMS - 11 de abril |h 371.26 |i L134 |p 3543.75 |t Ej.3 | ||
| 859 | |a CEMS |b BIB. CEMS - 11 de abril |h 371.26 |i L134 |p 3544.75 |t Ej.4 | ||
| 859 | |a CEMS |b BIB. CEMS - 11 de abril |h 371.26 |i L134 |p 6746.79 |t Ej.5 | ||
| 859 | |a CEMS |b BIB. CEMS - 11 de abril |h 371.26 |i L134 |p 6815.79 |t Ej.6 | ||
